Bibliografija Ludowe Nakładnistwo Domowina 1958 - 2007
| Titel: | Bibliografija Ludowe Nakładnistwo Domowina 1958 - 2007 = Bibliografie Domowina-Verlag |
|---|---|
| Ausgabe: | 1. Auflage |
| Veröffentlicht: | Bautzen : Domowina-Verlag, 2008 |
| Umfang: | 283 Seiten ; 21 cm |
| Format: | Buch |
| Sprache: | Deutsch; Sorbisch |
| ISBN: | 9783742021199 |
| Hinweise zum Inhalt: |
Inhaltsverzeichnis
|
alg: 21151463 001A $06000:17-04-09 001B $01999:08-05-25 $t14:55:31.000 001D $06000:17-04-09 001U $0utf8 001X $00 002@ $0Aaxaf 002C $aText $btxt $2rdacontent 002D $aohne Hilfsmittel zu benutzen $bn $2rdamedia 002E $aBand $bnc $2rdacarrier 003@ $0211514632 003O $0318641658 $aOCoLC 004A $A978-3-7420-2119-9 $fkart. 006G $0990559610 006U $009,A17,0034 $f20080925 007A $0990559610 $aDNB 007G $0DE020724FCE01CF00ED7BC125823600420EB3 009P $qapplication/pdf $A2 $3Inhaltsverzeichnis $uhttp://scans.hebis.de/HEBCGI/show.pl?21151463_toc.pdf $mV:DE-603;B:DE-Mb50 010@ $ager $awen 011@ $a2008 $n2008 013D $RVerzeichnis $RBibliografie $RInventar $RNeuerwerbungsliste $#Publishers' catalogs $#Catalogs $#Catalogs and collections $#Catalogues d'éditeurs $#Catalogues $#Cataloghi editoriali $#Catálogos de editores $#Catalog $#Bestandskatalog $#Bestandsverzeichnis Formschlagwort $74163417-2 $8Katalog [Ts1] $9085724890 017A $asf 021A $aBibliografija Ludowe Nakładnistwo Domowina 1958 - 2007 $fBibliografie Domowina-Verlag 032@ $a1. Auflage 033A $pBautzen $nDomowina-Verlag 034D $a283 Seiten 034I $a21 cm 044K $qDNB $#Domowina-Verlag GmbH $#Ludowe nakładnistwo Domowina $#Nakładnistwo Domowina Bautzen $#Volkseigener Verlag Domowina Bautzen $72030845-0 $8Domowina-Verlag [Tb1] $9042832594 045E $c010 $c070 045F $a015.43214705 $eDDC22ger 045F/01 $a015 045F/02 $a011.5 045F/03 $g432147 046L $aText teilweise deutsch, teilweise sorbisch lok: 21151463 24 exp: 21151463 24 1 #EPN 201B/01 $014-02-18 $t09:08:53.000 201C/01 $014-02-18 201U/01 $0utf8 203@/01 $01017928576 208@/01 $a14-02-18 $bz 209A/01 $a18.00560 $du $f050 $h18 00560 $x00 209C/01 $a18.00560 K $h18 00560 K 209G/01 $a73977584 $x00 220C/01 $ahae 247C/01 $8358050-7Marburg, Bibliothek des Herder-Instituts Marburg $9102600961
| LEADER | 00000cam a22000002c 4500 | ||
|---|---|---|---|
| 001 | 211514632 | ||
| 003 | DE-603 | ||
| 005 | 20250508145531.0 | ||
| 007 | tu | ||
| 008 | 090417s2008 xx |||| | u00||u|ger | ||
| 015 | |a 09,A17,0034 |2 dnb | ||
| 016 | 7 | |2 DE-101 |a 990559610 | |
| 020 | |a 9783742021199 |c kart. | ||
| 035 | |a (DE-599)DNB990559610 | ||
| 035 | |a (OCoLC)318641658 | ||
| 040 | |a DE-603 |b ger |c DE-603 |d DE-603 | ||
| 041 | |a ger |a wen | ||
| 082 | 0 | 4 | |8 1\u |a 015.43214705 |q DE-101 |2 22/ger |
| 084 | |a 010 |a 070 |q DE-101 |2 sdnb | ||
| 085 | |8 1\u |b 015 | ||
| 085 | |8 1\u |s 011.5 | ||
| 085 | |8 1\u |z 2 |s 432147 | ||
| 090 | |a b | ||
| 245 | 0 | 0 | |a Bibliografija Ludowe Nakładnistwo Domowina 1958 - 2007 |b = Bibliografie Domowina-Verlag |
| 250 | |a 1. Auflage | ||
| 264 | 1 | |a Bautzen |b Domowina-Verlag |c 2008 | |
| 300 | |a 283 Seiten |c 21 cm | ||
| 336 | |a Text |b txt |2 rdacontent | ||
| 337 | |a ohne Hilfsmittel zu benutzen |b n |2 rdamedia | ||
| 338 | |a Band |b nc |2 rdacarrier | ||
| 546 | |a Text teilweise deutsch, teilweise sorbisch | ||
| 610 | 1 | 7 | |a Domowina-Verlag |2 gnd |0 (DE-588)2030845-0 |0 (DE-603)042832594 |
| 655 | 7 | |a Katalog |2 gnd-content |0 (DE-588)4163417-2 |0 (DE-603)085724890 | |
| 856 | 4 | 2 | |m V:DE-603;B:DE-Mb50 |q application/pdf |u http://scans.hebis.de/HEBCGI/show.pl?21151463_toc.pdf |3 Inhaltsverzeichnis |
| 924 | 0 | |9 Mb 50 |a (DE-603)1017928576 |b DE-Mb50 |c HES |d c |g 18.00560 | |


